The science and technology of civil engineering materials

The book offers a new approach, in which the science and technology are integrated. It is divided into four parts; the first two provide the general concepts of materials, referring to their fundamenbtal structure and mechanical properties. The other two parts of the book deal with specific construc...

Full beskrivning

Sparad:
Bibliografiska uppgifter
Materialtyp: Bok
Språk:Undetermined
Publicerad: Upper Saddle River, New Jersey Prentice-Hall 1998
Ämnen:
Taggar: Lägg till en tagg
Inga taggar, Lägg till första taggen!
Thư viện lưu trữ: Trung tâm Học liệu Trường Đại học Cần Thơ
LEADER 00934nam a2200205Ia 4500
001 CTU_35209
008 210402s9999 xx 000 0 und d
020 |b 300.000đ 
020 |c 300000 
082 |a 620.11 
082 |b S416 
245 4 |a The science and technology of civil engineering materials 
245 0 |c J Francis Young ... [ et al. ] 
260 |a Upper Saddle River, New Jersey 
260 |b Prentice-Hall 
260 |c 1998 
520 |a The book offers a new approach, in which the science and technology are integrated. It is divided into four parts; the first two provide the general concepts of materials, referring to their fundamenbtal structure and mechanical properties. The other two parts of the book deal with specific construction materials. 
650 |a Materials science,Mechanical engineering,Strengh of materials 
904 |i Minh, Qhieu 
980 |a Trung tâm Học liệu Trường Đại học Cần Thơ